[Event "Bad Wiessee Senioren Cup 8th"]
[Site "Bad Wiessee"]
[Date "2019.05.18"]
[Round "8"]
[White "Weinwurm, Wolfgang"]
[Black "Schulz, Michael2222"]
[Result "1/2-1/2"]
[WhiteElo "2119"]
[BlackElo "2073"]
[PlyCount "54"]
[EventDate "2019.05.11"]
[EventType "swiss"]
[EventRounds "9"]
[EventCountry "GER"]
[SourceTitle "EXT 2020"]
[Source "ChessBase"]
[SourceDate "2019.10.17"]
[SourceVersion "1"]
[SourceVersionDate "2019.10.17"]
[SourceQuality "1"]

1. e4 c5 2. Nf3 g6 3. d4 cxd4 4. Nxd4 Nc6 5. c4 Bg7 6. Be3 Nf6 7. Nc3 d6 8. Be2 0-0 9. 0-0 Nxd4 10. Bxd4 Bd7 11. h3 Bc6 12. Qc2 a5 13. b3 Nd7 14. Bxg7 Kxg7 15. Rad1 Qb6 16. Kh1 Nc5 17. Rb1 Ne6 18. Nd5 Bxd5 19. exd5 Nd4 20. Qc3 e5 21. dxe6 fxe6 22. Bf3 e5 23. Bd5 Ne2 24. Qe1 Nf4 25. Rd1 Qb4 26. Qe4 Rab8 27. Kh2 Rf6 1/2-1/2

[Event "Bodensee op Seniors"]
[Site "Bregenz"]
[Date "2016.05.06"]
[Round "7"]
[White "Zindel, Ernst"]
[Black "Weinwurm, Wolfgang"]
[Result "0-1"]
[WhiteElo "1888"]
[BlackElo "2190"]
[PlyCount "68"]
[EventDate "2016.04.30"]
[EventType "swiss"]
[EventRounds "9"]
[EventCountry "AUT"]
[SourceTitle "CBM 172 Extra"]
[Source "ChessBase"]
[SourceDate "2016.06.21"]
[SourceVersion "1"]
[SourceVersionDate "2016.06.21"]
[SourceQuality "1"]

1. e4 d6 2. d4 Nf6 3. Nc3 g6 4. f4 Bg7 5. Nf3 c5 6. dxc5 Qa5 7. Bd3 Qxc5 8. Qe2 Bg4 9. a3 Nfd7 10. Be3 Bxc3+ 11. bxc3 Qxc3+ 12. Kf2 Nc6 13. Rab1 Nc5 14. Bc1 0-0 15. Bb2 Qa5 16. Qe1 Qxe1+ 17. Rhxe1 Rac8 18. Rec1 Rc7 19. Ke3 Re8 20. Nd4 Nxd4 21. Kxd4 Bd7 22. Ke3 Ba4 23. Re1 Nd7 24. c3 Nc5 25. Ba1 Bd7 26. g3 Be6 27. Bc2 a5 28. Rb5 Bc4 29. Rxa5 b6 30. Kd4 bxa5 31. Kxc4 Na4+ 32. Kd4 Nxc3 33. Bd3 Na4 34. Bb5 Nc5 0-1

[Event "Bodensee op Seniors"]
[Site "Bregenz"]
[Date "2016.05.02"]
[Round "3"]
[White "Lainburg, Viktor"]
[Black "Weinwurm, Wolfgang"]
[Result "1/2-1/2"]
[WhiteElo "2065"]
[BlackElo "2190"]
[PlyCount "68"]
[EventDate "2016.04.30"]
[EventType "swiss"]
[EventRounds "9"]
[EventCountry "AUT"]
[SourceTitle "CBM 172 Extra"]
[Source "ChessBase"]
[SourceDate "2016.06.21"]
[SourceVersion "1"]
[SourceVersionDate "2016.06.21"]
[SourceQuality "1"]

1. d4 Nf6 2. Bg5 g6 3. Bxf6 exf6 4. e3 Bg7 5. c4 f5 6. Ne2 d6 7. Nbc3 0-0 8. g3 Re8 9. Bg2 Nd7 10. 0-0 Nf6 11. Qd3 c6 12. b4 Qe7 13. a4 Ne4 14. b5 a5 15. Rab1 h5 16. bxc6 bxc6 17. Rb6 Ra6 18. Rfb1 Rxb6 19. Rxb6 Qc7 20. Rb2 Ba6 21. Nxe4 fxe4 22. Qb3 c5 23. Rc2 Rb8 24. Qa2 Qb7 25. Nc3 Qb4 26. Nb5 Bxb5 27. axb5 cxd4 28. exd4 Bxd4 29. Rd2 Bc5 30. Bxe4 Re8 31. Bd5 Bb6 32. Re2 Rxe2 33. Qxe2 Qb1+ 34. Kg2 Qf5 1/2-1/2

[Event "Bad Woerishofen Seniors op 32nd"]
[Site "Bad Woerishofen"]
[Date "2016.03.05"]
[Round "9"]
[White "Frick, Christoph"]
[Black "Weinwurm, Wolfgang"]
[Result "1/2-1/2"]
[WhiteElo "2224"]
[BlackElo "2185"]
[PlyCount "29"]
[EventDate "2016.02.26"]
[EventType "swiss"]
[EventRounds "9"]
[EventCountry "GER"]
[SourceTitle "EXT 2019"]
[Source "ChessBase"]
[SourceDate "2018.10.10"]
[SourceVersion "1"]
[SourceVersionDate "2018.10.10"]
[SourceQuality "1"]

1. Nc3 g6 2. e4 d6 3. g3 Bg7 4. Bg2 c5 5. d3 Nf6 6. f4 0-0 7. Nf3 Nc6 8. 0-0 Rb8 9. h3 b5 10. g4 b4 11. Ne2 Nd7 12. Qe1 e6 13. Kh1 a5 14. Rb1 Ra8 15. Neg1 1/2-1/2

[Event "Bad Woerishofen Seniors op 32nd"]
[Site "Bad Woerishofen"]
[Date "2016.02.28"]
[Round "3"]
[White "Schwis, Joachim"]
[Black "Weinwurm, Wolfgang"]
[Result "1/2-1/2"]
[WhiteElo "1967"]
[BlackElo "2185"]
[PlyCount "43"]
[EventDate "2016.02.26"]
[EventType "swiss"]
[EventRounds "9"]
[EventCountry "GER"]
[SourceTitle "EXT 2019"]
[Source "ChessBase"]
[SourceDate "2018.10.10"]
[SourceVersion "1"]
[SourceVersionDate "2018.10.10"]
[SourceQuality "1"]

1. c4 Nf6 2. Nc3 d5 3. cxd5 Nxd5 4. g3 g6 5. Bg2 Nb6 6. Nf3 Bg7 7. d3 0-0 8. 0-0 Nc6 9. Be3 e5 10. a4 a5 11. Bxb6 cxb6 12. Nb5 Be6 13. Nd2 Qe7 14. Rc1 Rac8 15. b3 Nd4 16. Nxd4 Rxc1 17. Qxc1 exd4 18. Qd1 Bc8 19. Nc4 Qb4 20. Qc2 Rd8 21. Rb1 Bh6 22. Qa2 1/2-1/2

[Event "Wuerttemberg-ch Seniors op 25th"]
[Site "Freudenstadt"]
[Date "2013.07.06"]
[Round "6"]
[White "Lainburg, Viktor"]
[Black "Weinwurm, Wolfgang"]
[Result "1-0"]
[WhiteElo "2181"]
[BlackElo "2113"]
[PlyCount "57"]
[EventDate "2013.07.06"]
[EventType "swiss"]
[EventRounds "9"]
[EventCountry "GER"]
[SourceTitle "EXT 2019"]
[Source "ChessBase"]
[SourceDate "2018.10.10"]
[SourceVersion "1"]
[SourceVersionDate "2018.10.10"]
[SourceQuality "1"]

1. d4 Nf6 2. Bg5 g6 3. Bxf6 exf6 4. e3 Bg7 5. Ne2 0-0 6. g3 f5 7. Bg2 d5 8. 0-0 c6 9. Nd2 Nd7 10. c4 dxc4 11. Nxc4 Nf6 12. Qc2 Re8 13. Rfd1 Nd5 14. a3 a5 15. Nc3 Be6 16. Nxd5 cxd5 17. Ne5 Qb6 18. Rac1 Rac8 19. Qd2 g5 20. Nd3 Bf8 21. Rxc8 Rxc8 22. Rc1 Rxc1+ 23. Qxc1 f6 24. Qc3 a4 25. Bf3 Bd6 26. Nc5 Bxc5 27. dxc5 Qd8 28. Qd4 f4 29. gxf4 1-0

[Event "Wuerttemberg-ch Seniors op 25th"]
[Site "Freudenstadt"]
[Date "2013.07.06"]
[Round "2"]
[White "Streiter, Manfred"]
[Black "Weinwurm, Wolfgang"]
[Result "0-1"]
[WhiteElo "1909"]
[BlackElo "2113"]
[PlyCount "106"]
[EventDate "2013.07.06"]
[EventType "swiss"]
[EventRounds "9"]
[EventCountry "GER"]
[SourceTitle "EXT 2019"]
[Source "ChessBase"]
[SourceDate "2018.10.10"]
[SourceVersion "1"]
[SourceVersionDate "2018.10.10"]
[SourceQuality "1"]

1. d4 Nf6 2. Nf3 g6 3. c4 Bg7 4. Nc3 d5 5. Bf4 0-0 6. Rc1 dxc4 7. e3 Be6 8. Nd2 c5 9. dxc5 Na6 10. Bxc4 Nxc5 11. Be2 Nd3+ 12. Bxd3 Qxd3 13. Qe2 Qxe2+ 14. Kxe2 Rac8 15. Be5 a6 16. a3 Rc6 17. Nce4 Bd5 18. Bxf6 exf6 19. Rxc6 Bxc6 20. f3 Rd8 21. Nc3 f5 22. Ndb1 Re8 23. Kf2 Bf8 24. g3 Rd8 25. Rd1 Rxd1 26. Nxd1 Kg7 27. Ndc3 Bc5 28. Nd2 Kf6 29. Nb3 Ba7 30. Na5 Ke6 31. Nxc6 bxc6 32. h4 Kd6 33. Ke2 Kc5 34. Kd3 h5 35. e4 Kd6 36. exf5 gxf5 37. Nd1 Ke6 38. Ne3 Bc5 39. b4 Be7 40. Ng2 Bd6 41. f4 Bc7 42. Ne3 Bb6 43. Ke2 c5 44. Nc4 Ba7 45. Ne5 cxb4 46. axb4 Bd4 47. Nd3 Kd5 48. Kd2 Kc4 49. Kc2 f6 50. Kd2 Bc3+ 51. Ke2 Bxb4 52. Nb2+ Kb3 53. Nd1 a5 0-1

[Event "Wuerttemberg-ch Seniors op 25th"]
[Site "Freudenstadt"]
[Date "2013.07.06"]
[Round "5"]
[White "Weinwurm, Wolfgang"]
[Black "Macher, Claus"]
[Result "1-0"]
[WhiteElo "2113"]
[BlackElo "2059"]
[PlyCount "71"]
[EventDate "2013.07.06"]
[EventType "swiss"]
[EventRounds "9"]
[EventCountry "GER"]
[SourceTitle "EXT 2019"]
[Source "ChessBase"]
[SourceDate "2018.10.10"]
[SourceVersion "1"]
[SourceVersionDate "2018.10.10"]
[SourceQuality "1"]

1. e4 c5 2. Nf3 e6 3. d4 cxd4 4. Nxd4 a6 5. Nc3 Qc7 6. f4 Bc5 7. Be3 b5 8. Qf3 Bb7 9. Bd3 d6 10. Qg3 g6 11. 0-0 Nd7 12. Rae1 0-0-0 13. f5 e5 14. Nb3 Bxe3+ 15. Rxe3 Ngf6 16. a3 Nh5 17. Qf3 Nf4 18. g3 Nh3+ 19. Kg2 Ng5 20. Qg4 f6 21. fxg6 h5 22. Qf5 h4 23. Nd5 Bxd5 24. exd5 h3+ 25. Kh1 Kb8 26. a4 Qb6 27. Qf2 Rhg8 28. axb5 axb5 29. Ra1 e4 30. Be2 Rc8 31. Ra5 Rc4 32. Bxc4 bxc4 33. Qe2 Nf3 34. Ra2 Kc7 35. Nd2 Qc5 36. Nxc4 1-0

[Event "Balaton op 30th"]
[Site "Heviz"]
[Date "2012.09.24"]
[Round "2"]
[White "Weinwurm, Wolfgang"]
[Black "Szalanczy, Emil"]
[Result "1-0"]
[WhiteElo "2131"]
[BlackElo "2237"]
[PlyCount "75"]
[EventDate "2012.09.23"]
[EventType "swiss"]
[EventRounds "9"]
[EventCountry "HUN"]
[SourceTitle "CBM 150 Extra"]
[Source "ChessBase"]
[SourceDate "2012.10.19"]
[SourceVersion "1"]
[SourceVersionDate "2012.10.19"]
[SourceQuality "1"]

1. e4 c5 2. Nf3 d6 3. d4 cxd4 4. Nxd4 Nf6 5. Nc3 g6 6. Be3 Bg7 7. f3 Nc6 8. Qd2 0-0 9. 0-0-0 a5 10. g4 a4 11. a3 Bd7 12. h4 Rc8 13. Nxc6 Rxc6 14. Bh6 Bxh6 15. Qxh6 Rxc3 16. bxc3 Qa5 17. Qe3 Rc8 18. Kb2 Rc5 19. Rd4 Re5 20. Bc4 Qb6+ 21. Ka2 Qc5 22. g5 Nh5 23. f4 Be6 24. Bxe6 Rxe6 25. Rb1 b5 26. Qf3 Ng7 27. Qd3 Nh5 28. Rxb5 Qa7 29. Qc4 Qd7 30. f5 gxf5 31. exf5 Re3 32. g6 hxg6 33. fxg6 e5 34. Rxd6 Qf5 35. Qxf7+ Qxf7+ 36. gxf7+ Kg7 37. Rb7 Nf6 38. Rxf6 1-0

[Event "Oberwart op-A 34th"]
[Site "Oberwart"]
[Date "2012.07.09"]
[Round "3"]
[White "Karall, Lorenz"]
[Black "Weinwurm, Wolfgang"]
[Result "1/2-1/2"]
[WhiteElo "1972"]
[BlackElo "2172"]
[PlyCount "29"]
[EventDate "2012.07.07"]
[EventType "swiss"]
[EventRounds "9"]
[EventCountry "AUT"]
[SourceTitle "CBM 149 Extra"]
[Source "ChessBase"]
[SourceDate "2012.08.24"]
[SourceVersion "1"]
[SourceVersionDate "2012.08.24"]
[SourceQuality "1"]

1. d4 Nf6 2. Nf3 g6 3. c4 Bg7 4. Nc3 d5 5. e3 0-0 6. Bd3 c5 7. 0-0 Nc6 8. cxd5 Nxd5 9. Nxd5 Qxd5 10. e4 Qd6 11. d5 Nd4 12. Re1 e6 13. Nxd4 Bxd4 14. Qb3 b6 15. Bh6 1/2-1/2

[Event "EU-chT Seniors"]
[Site "Rogaska Slatina"]
[Date "2012.04.04"]
[Round "9.9"]
[White "Weinwurm, Wolfgang"]
[Black "Garriga Nualart, Josep"]
[Result "1/2-1/2"]
[WhiteElo "2172"]
[BlackElo "2319"]
[PlyCount "51"]
[EventDate "2012.03.27"]
[EventType "team-swiss"]
[EventRounds "9"]
[EventCountry "SLO"]
[SourceTitle "CBM 147 Extra"]
[Source "ChessBase"]
[SourceDate "2012.04.24"]
[SourceVersion "1"]
[SourceVersionDate "2012.04.24"]
[SourceQuality "1"]
[WhiteTeam "Niederoesterreich (Seniors)"]
[BlackTeam "Catalunya (Seniors)"]
[WhiteTeamCountry "AUT"]
[BlackTeamCountry "ESP"]

1. e4 e5 2. Nf3 Nc6 3. d4 exd4 4. Nxd4 g6 5. Nc3 Bg7 6. Be3 Nge7 7. Bc4 d6 8. Qd2 0-0 9. h4 Ne5 10. Be2 h5 11. Bg5 f6 12. Bh6 N7c6 13. Bxg7 Kxg7 14. 0-0-0 Nxd4 15. Qxd4 Be6 16. f4 Nc6 17. Qf2 f5 18. e5 Qe7 19. exd6 cxd6 20. Rhe1 Rfe8 21. Qg3 Kh7 22. Bf3 Rad8 23. Bd5 Qf7 24. Qf3 Bxd5 25. Qxd5 Qxd5 26. Nxd5 1/2-1/2

[Event "EU-chT Seniors"]
[Site "Rogaska Slatina"]
[Date "2012.03.31"]
[Round "5.11"]
[White "Wittmann, Walter"]
[Black "Weinwurm, Wolfgang"]
[Result "1-0"]
[WhiteElo "2286"]
[BlackElo "2172"]
[PlyCount "71"]
[EventDate "2012.03.27"]
[EventType "team-swiss"]
[EventRounds "9"]
[EventCountry "SLO"]
[SourceTitle "CBM 147 Extra"]
[Source "ChessBase"]
[SourceDate "2012.04.24"]
[SourceVersion "1"]
[SourceVersionDate "2012.04.24"]
[SourceQuality "1"]
[WhiteTeam "Austria (Seniors)"]
[BlackTeam "Niederoesterreich (Seniors)"]
[WhiteTeamCountry "AUT"]
[BlackTeamCountry "AUT"]

1. e4 d6 2. d4 Nf6 3. Nc3 g6 4. f4 Bg7 5. Nf3 c5 6. dxc5 Qa5 7. Qd4 0-0 8. cxd6 Nc6 9. Qd2 Bg4 10. dxe7 Rfe8 11. Bd3 Bxf3 12. gxf3 Rxe7 13. 0-0 Qh5 14. a3 Rd8 15. Qg2 Qc5+ 16. Kh1 Na5 17. Qg5 Qc7 18. e5 Nd5 19. Nxd5 Rxd5 20. Bd2 f6 21. Qh4 fxe5 22. f5 gxf5 23. Bxa5 Rxa5 24. Bxf5 h6 25. Rad1 Ra6 26. Rg1 Kf8 27. Be4 Rf6 28. Rd2 Qb6 29. Qh5 Rd6 30. Qf5+ Rf6 31. Qh7 Rff7 32. Rgd1 Re8 33. Bd5 Qf6 34. Bxf7 Qxf3+ 35. Kg1 Qe3+ 36. Rf2 1-0

[Event "Bad Woerishofen Seniors op 28th"]
[Site "Bad Woerishofen"]
[Date "2012.03.03"]
[Round "2.24"]
[White "Weinwurm, Wolfgang"]
[Black "Di Lazzaro, Gabriele"]
[Result "1-0"]
[WhiteElo "2060"]
[BlackElo "1859"]
[PlyCount "45"]
[EventDate "2012.03.02"]
[EventType "swiss"]
[EventRounds "9"]
[EventCountry "GER"]
[SourceTitle "EXT 2022"]
[Source "ChessBase"]
[SourceDate "2021.10.06"]
[SourceVersion "1"]
[SourceVersionDate "2021.10.06"]
[SourceQuality "1"]

1. e4 c5 2. Nf3 e6 3. d4 cxd4 4. Nxd4 a6 5. Nc3 Qc7 6. Bd3 Nc6 7. Be3 Nf6 8. 0-0 Bd6 9. h3 Bh2+ 10. Kh1 Be5 11. Nde2 d5 12. exd5 Nxd5 13. Nxd5 exd5 14. c3 0-0 15. Nd4 g6 16. f4 Bg7 17. f5 Nxd4 18. Bxd4 Bxd4 19. cxd4 Bd7 20. Qd2 Kg7 21. f6+ Kh8 22. Qh6 Rg8 23. Rf4 1-0

[Event "Bad Woerishofen Seniors op 28th"]
[Site "Bad Woerishofen"]
[Date "2012.03.02"]
[Round "1.10"]
[White "Abegg, Beat"]
[Black "Weinwurm, Wolfgang"]
[Result "1/2-1/2"]
[WhiteElo "1713"]
[BlackElo "2060"]
[PlyCount "56"]
[EventDate "2012.03.02"]
[EventType "swiss"]
[EventRounds "9"]
[EventCountry "GER"]
[SourceTitle "EXT 2022"]
[Source "ChessBase"]
[SourceDate "2021.10.06"]
[SourceVersion "1"]
[SourceVersionDate "2021.10.06"]
[SourceQuality "1"]

1. d4 Nf6 2. c4 g6 3. g3 Bg7 4. Bg2 0-0 5. Nc3 d6 6. Nf3 Nc6 7. 0-0 a6 8. h3 Rb8 9. b3 b5 10. Qd3 bxc4 11. bxc4 d5 12. cxd5 Nb4 13. Qd2 Nfxd5 14. Nxd5 Nxd5 15. Ba3 Nb6 16. Rac1 Be6 17. e3 Nc4 18. Qc3 Nxa3 19. Qxa3 Qd6 20. Rc5 Rb5 21. Rfc1 Rfb8 22. Ng5 Rxc5 23. Rxc5 Bd7 24. Qc1 Rb5 25. Qc4 e6 26. Ne4 Rxc5 27. Qxc5 Qxc5 28. Nxc5 Bc8 1/2-1/2

[Event "Marianske Lazne IM-A 11th"]
[Site "Marianske Lazne"]
[Date "2012.01.26"]
[Round "7"]
[White "Cherednichenko, Elena"]
[Black "Weinwurm, Wolfgang"]
[Result "1-0"]
[WhiteElo "2113"]
[BlackElo "2200"]
[PlyCount "88"]
[EventDate "2012.01.21"]
[EventType "tourn"]
[EventRounds "9"]
[EventCountry "CZE"]
[EventCategory "1"]
[SourceTitle "CBM 146 Extra"]
[Source "ChessBase"]
[SourceDate "2012.02.29"]
[SourceVersion "1"]
[SourceVersionDate "2012.02.29"]
[SourceQuality "1"]

1. d4 Nf6 2. Nf3 g6 3. Nc3 d5 4. Bf4 Bg7 5. e3 0-0 6. Be2 c5 7. Ne5 cxd4 8. exd4 Nfd7 9. Nf3 Nf6 10. 0-0 Nc6 11. Ne5 Nd7 12. Nf3 Nf6 13. h3 Ne4 14. Na4 Be6 15. c3 b6 16. Ng5 Nxg5 17. Bxg5 f6 18. Bh4 Bf7 19. f4 Qd6 20. Bg3 Rae8 21. Bb5 e5 22. fxe5 fxe5 23. dxe5 Bxe5 24. Bxe5 Rxe5 25. b3 Ne7 26. Bd3 Be6 27. Rxf8+ Kxf8 28. Qf3+ Kg7 29. Rf1 Nf5 30. Bxf5 Rxf5 31. Qe3 Qe5 32. Re1 Qxe3+ 33. Rxe3 Kf6 34. Nb2 Re5 35. Rf3+ Kg5 36. Nd3 Re4 37. Kf2 d4 38. c4 Bf5 39. g4 Be6 40. Kg3 Kh6 41. Nf4 Kg7 42. Rd3 Kf6 43. Kf3 Re3+ 44. Rxe3 dxe3 1-0